LIBRARY & INFORMATION CENTRE, KCAET, TAVANUR

ONLINE PUBLIC ACCESS CATALOGUE (OPAC)

Principles of weed science / (Record no. 2549)

MARC details
000 -LEADER
fixed length control field 00496cam a2200205ua 4500
041 ## - LANGUAGE CODE
Language code of text/sound track or separate title eng
082 ## - DEWEY DECIMAL CLASSIFICATION NUMBER
Classification number 632.58
Item number RAO/PR
100 ## - MAIN ENTRY--AUTHOR NAME
Personal name Rao, V.S .
245 ## - TITLE STATEMENT
Title Principles of weed science /
250 ## - EDITION STATEMENT
Edition statement 1 /
260 ## - PUBLICATION, DISTRIBUTION, ETC. (IMPRINT)
Place of publication Newdelhi :
Name of publisher Oxford & IBH Publishing company ,
Year of publication 1983.
300 ## - PHYSICAL DESCRIPTION
Number of Pages 540 ; .
942 ## - ADDED ENTRY ELEMENTS (KOHA)
Koha item type Books
Holdings
Withdrawn status Lost status Damaged status Home library Current library Date acquired Full call number Accession Number Koha item type
      KAUAET KAUAET 07/04/2012 632.58 14673 Books
      KAUAET KAUAET 07/04/2012 632.58 14715 Books
      KAUAET KAUAET 02/09/1986 632.58 15630 Books
free website counter